Iuxta Danubium spravodaj Podunajského múzea v Komárne
| Previous Title: | Spravodaj Oblastného podunajského múzea v Komárne |
|---|---|
| Corporate Author: | |
| Format: | Journal |
| Language: | Slovak Hungarian |
| PhysicalDescription: | zv. ilustr. 23 cm |
| Published: |
Komárno
Oblastné podunajské múzeum
1991-
Komárno Podunajské múzeum v Komárne |
| ISBN: | 9788096978571 (brož. : 15/2013) 9788097178154 (brož. : 17/2021) 8096811584 (brož. : 12/1998) 9788097178147 (brož. : 16/2018) |
| Subjects: |
MARC
| LEADER | 00000cas a2200000 a 4500 | ||
|---|---|---|---|
| 001 | vtls010211350 | ||
| 003 | SK-MaSNL | ||
| 005 | 20260228161159.0 | ||
| 008 | 110215c19919999xo x|p 0 b0slo | ||
| 015 | |a SNBA1994/03-(10/1992) |a SNBA1997/0902430-(11/1995) |a SNBA2000/02-00521-(12/1998) | ||
| 020 | |a 9788096978571 (brož. : 15/2013) | ||
| 020 | |a 9788097178154 (brož. : 17/2021) | ||
| 020 | |a 8096811584 (brož. : 12/1998) | ||
| 020 | |a 9788097178147 (brož. : 16/2018) | ||
| 040 | |a SNMK |b slo |c SNMK |d SVKBB |e AACR2 | ||
| 041 | 0 | |a slo |a hun |b eng |b hun |a slo | |
| 043 | |a e-xo--- | ||
| 044 | |a xo |c SK | ||
| 072 | 7 | |a 069 |x Múzeá. Muzeológia. Múzejníctvo. Výstavy |2 konspekt | |
| 072 | 7 | |a 9 |x Geografia. Biografické štúdie. Dejiny |2 konspekt | |
| 080 | |a 069(1-24) |2 2001 | ||
| 080 | |a 908 |2 2001 | ||
| 080 | |a (082) |2 2001 | ||
| 080 | |a (437.6) |2 2001 | ||
| 110 | 2 | |a Oblastné podunajské múzeum (Komárno, Slovensko) |9 135087 | |
| 245 | 0 | 0 | |a Iuxta Danubium |b spravodaj Podunajského múzea v Komárne |
| 246 | 1 | 1 | |a A Duna menti múzeum értésítője |
| 260 | |a Komárno |b Oblastné podunajské múzeum |c 1991- | ||
| 260 | 3 | |3 2013- |a Komárno |b Podunajské múzeum v Komárne | |
| 300 | |a zv. |b ilustr. |c 23 cm | ||
| 310 | |a Nepravidelne | ||
| 362 | 0 | |a Č. 9 (dec. 1991)- | |
| 500 | |a Zostavil: 10/1992, Pavol Binder ; 11/1995-12/1998, Michal Mácza ;16/2018-17/2021, Jozef Csütörtöky | ||
| 500 | |a Podnázov do r. 2013: spravodaj Oblastného podunajského múzea v Komárne | ||
| 504 | |a Bibliogr. odkazy | ||
| 546 | |a Čiast. text maďarký ; resumé slov., angl. alebo maďarské | ||
| 650 | 0 | 7 | |a regionálne múzeá |2 SNKPH |9 73606 |
| 650 | 0 | 7 | |a vlastiveda |2 SNKPH |9 3887 |
| 650 | 0 | 7 | |a Regional museums |2 SNKPHeng |9 268146 |
| 650 | 0 | 7 | |a History and geography |2 SNKPHeng |9 265657 |
| 651 | 7 | |a Podunajský región (Slovensko) |2 SNKPHgeo |9 165861 | |
| 651 | 7 | |a Podunajský región (Slovakia) |2 SNKPHeng |9 120103 | |
| 655 | 7 | |a zborníky |2 SNKPH |9 70165 | |
| 655 | 7 | |a Papers of several authors |2 SNKPHeng |9 153738 | |
| 700 | 1 | |a Binder, Pavol, |d 1938- |4 pbl |9 14893 | |
| 700 | 1 | |a Mácza, Mihály, |d 1942- |4 pbl |9 85986 | |
| 700 | 1 | |a Csütörtöky, Jozef, |d 1958- |4 pbl |9 111235 | |
| 780 | 0 | 0 | |t Spravodaj Oblastného podunajského múzea v Komárne |w vtls010210253 |
| 852 | |a Štátna vedecká knižnica v Banskej Bystrici | ||
| 910 | |a snmk | ||
| 910 | |a snk | ||
| 919 | |a 978-80-969785-7-1 | ||
| 919 | |a 978-80-971781-5-4 | ||
| 919 | |a 80-968115-8-4 | ||
| 919 | |a 978-80-971781-4-7 | ||
| 958 | |a NB | ||
| 999 | |c 4585 |d 6515 | ||
| 952 | |0 0 |1 0 |4 0 |7 0 |8 0 |a SNK |b SNK |d 1997-03-20 |i snkKSP 2999/97 |l 0 |o snkČSC 3083/1995/11 |p 17A0055227 |r 2005-01-02 00:00:00 |t č. 11 |w 2026-02-21 |y PREZ | ||
| 952 | |0 0 |1 0 |4 0 |7 0 |8 0 |a SNK |b SNK |d 1997-03-20 |i snkKSP 3000/97 |l 0 |o snkČSC 3083/1995/11 D1 |p 17A0055226 |r 2005-01-02 00:00:00 |t č. 11 |w 2026-02-21 |y PREZ | ||
| 952 | |0 0 |1 0 |4 0 |7 0 |8 0 |a SNK |b SNK |d 1999-11-29 |i snkKSP 11772/99 |l 0 |o snkČSC 3083/1998/12 D1 |p 17A0219494 |r 2005-01-02 00:00:00 |w 2026-02-21 |y PREZ | ||
| 952 | |0 0 |1 0 |4 0 |7 0 |a SNK |b SNK |d 2011-05-23 |i snkKSP 8008/94 |l 0 |o snkČSC 3083/1992/10 D1 |p 17A0699966 |r 2026-02-21 19:57:21 |t č. 10 |w 2026-02-21 |y PREZ | ||
| 952 | |0 0 |1 0 |4 0 |7 0 |a SNK |b SNK |d 1999-11-29 |i snkKSP 11771/99 |l 0 |o snkČSC 3083/1998/12 |p 17A0219493 |r 2005-01-02 00:00:00 |w 2026-02-21 |y PREZ | ||
| 952 | |0 0 |1 0 |4 0 |7 0 |a SNK |b SNK |d 2010-03-18 |i snkKSP 6957/89 |l 0 |o snkČSC 3083/1987/6 |p 17A0648293 |r 2026-02-21 21:42:02 |t č. 6 |w 2026-02-21 |y PREZ | ||


